Classic World Poetry/ (Record no. 190955)

MARC details
000 -LEADER
fixed length control field 00698nam a22002057a 4500
005 - DATE AND TIME OF LATEST TRANSACTION
control field 20220816122952.0
010 ## - LCCN (DPL NO)
LC control number ENG-134416
020 ## - INTERNATIONAL STANDARD BOOK NUMBER
International Standard Book Number 9789391091040
Terms of availability 210.00
035 ## - SYSTEM CONTROL NUMBER
System control number EN-117948
037 ## - SOURCE OF ACQUISITION
Source of stock number/acquisition DBAD/PUB
082 ## - DEWEY DECIMAL CLASSIFICATION NUMBER
Classification number 881
100 ## - MAIN ENTRY--PERSONAL NAME
Personal name Sekulic, Maja Herman
245 ## - TITLE STATEMENT
Title Classic World Poetry/
Statement of responsibility, etc Maja Herman Sekulic and Jernail Singh Anand
260 ## - PUBLICATION, DISTRIBUTION, ETC. (IMPRINT)
Place of publication, distribution, etc Gurugram
Name of publisher, distributor, etc The Poetry Society of India
Date of publication, distribution, etc 2021
270 ## - ADDRESS
Address H-23/16, DLF Phase-I
City Gurugram
Postal code 122002
Electronic mail address thepoetrysoindia@gmail.com
300 ## - PHYSICAL DESCRIPTION
Extent 83p.
Dimensions 22cm(pbk)
500 ## - GENERAL NOTE
General note Part-1 (The Mighty Irine)<br/>Part-2 (The Survivor Of A Thousand Shiwrecks)
700 ## - ADDED ENTRY--PERSONAL NAME
Personal name Anand, Jernail Singh
942 ## - ADDED ENTRY ELEMENTS (KOHA)
Source of classification or shelving scheme Dewey Decimal Classification
Item type English Books
Classification part 881
Call number suffix SEK
Holdings
Withdrawn status Lost status Not for loan Collection code Home library Current library Date acquired Source of acquisition Cost, normal purchase price Full call number Barcode Copy number Cost, replacement price Koha item type
      Non-fiction Bawana Bawana 16/08/2022 DBAD/PUB 210.00 881 SEK EN-117948 1 210.00 English Books

© Delhi Public Library
Hit Counter
free hit counter